| 000 | 00718nam a2200229Ia 4500 | ||
|---|---|---|---|
| 001 | 9379 | ||
| 003 | GE_BSU | ||
| 008 | 181216s||||||||xx |||||||||||||| ||und|| | ||
| 040 | _cGE_BSU | ||
| 080 | _a821.353.1–11 | ||
| 100 | _aმალაზონია,ნესტორ | ||
| 245 | _aშავი ზვის პირას | ||
| 245 | _bპოემა | ||
| 245 | _cრედ.რ.ართლიკაყვა.მხატვ.ლ.სეიდიშვილი | ||
| 260 | _aბათუმი | ||
| 260 | _bსაბჭოთა აჭარა | ||
| 260 | _c1969 | ||
| 300 | _a104გვ.14სმ. | ||
| 653 | _aპოემა | ||
| 653 | _aშავი ზვის პირას | ||
| 942 | _cBK | ||
| 999 |
_c42675 _d42675 |
||